<?xml version="1.0" encoding="UTF-8"?>
<record
    xmlns:xsi="http://www.w3.org/2001/XMLSchema-instance"
    xsi:schemaLocation="http://www.loc.gov/MARC21/slim http://www.loc.gov/standards/marcxml/schema/MARC21slim.xsd"
    xmlns="http://www.loc.gov/MARC21/slim">

  <leader>01057cam a22002891a 4500</leader>
  <controlfield tag="001">he 67001312 </controlfield>
  <controlfield tag="003">DLC</controlfield>
  <controlfield tag="005">20260227111448.0</controlfield>
  <controlfield tag="008">870626s1958    nyuc          000 0 yid  </controlfield>
  <datafield tag="010" ind1=" " ind2=" ">
    <subfield code="a">he 67001312 </subfield>
  </datafield>
  <datafield tag="035" ind1=" " ind2=" ">
    <subfield code="a">(OCoLC)16082969</subfield>
  </datafield>
  <datafield tag="040" ind1=" " ind2=" ">
    <subfield code="a">DLC</subfield>
    <subfield code="c">CtWeharU</subfield>
    <subfield code="d">OCoLC</subfield>
    <subfield code="d">OCl</subfield>
    <subfield code="d">DLC</subfield>
  </datafield>
  <datafield tag="042" ind1=" " ind2=" ">
    <subfield code="a">premarc</subfield>
  </datafield>
  <datafield tag="050" ind1="0" ind2="0">
    <subfield code="a">DS115.9.S47</subfield>
    <subfield code="b">A2</subfield>
  </datafield>
  <datafield tag="100" ind1="1" ind2=" ">
    <subfield code="a">Shatzky, Jacob,</subfield>
    <subfield code="d">-1956.</subfield>
  </datafield>
  <datafield tag="245" ind1="1" ind2="0">
    <subfield code="a">Shatski-bukh :</subfield>
    <subfield code="b">opshatsungen vegn Yankev Shatski un Shatski s zikhroynes, briv, referatn un eseyen /</subfield>
    <subfield code="c">redaktirt fun Y. Lifshits.</subfield>
  </datafield>
  <datafield tag="260" ind1=" " ind2=" ">
    <subfield code="a">Nyu-York ;</subfield>
    <subfield code="a">Buenos Ayres :</subfield>
    <subfield code="b">Yidisher Visnshaftlekher Institut-Yivo,</subfield>
    <subfield code="c">1958 [719].</subfield>
  </datafield>
  <datafield tag="300" ind1=" " ind2=" ">
    <subfield code="a">380 p. :</subfield>
    <subfield code="b">ports. ;</subfield>
    <subfield code="c">24 cm.</subfield>
  </datafield>
  <datafield tag="440" ind1=" " ind2="0">
    <subfield code="a">Argen&#x1E6D;iner Yi&#x1E7F;o-biblio&#x1E6D;e&#x1E33; ;</subfield>
    <subfield code="v">no. 21.</subfield>
  </datafield>
  <datafield tag="500" ind1=" " ind2=" ">
    <subfield code="a">Romanized record.</subfield>
  </datafield>
  <datafield tag="500" ind1=" " ind2=" ">
    <subfield code="a">In Yiddish.</subfield>
  </datafield>
  <datafield tag="500" ind1=" " ind2=" ">
    <subfield code="a">Added t.p.: Shatzky-buj: memorias, cartas y ensayos de Jacob Shatzky.</subfield>
  </datafield>
  <datafield tag="504" ind1=" " ind2=" ">
    <subfield code="a">"Bibliografye": p. [325]-376.</subfield>
  </datafield>
  <datafield tag="650" ind1=" " ind2="0">
    <subfield code="a">Jews</subfield>
    <subfield code="x">History.</subfield>
  </datafield>
  <datafield tag="700" ind1="1" ind2=" ">
    <subfield code="a">Lifschutz, E.</subfield>
  </datafield>
  <datafield tag="740" ind1="0" ind2=" ">
    <subfield code="a">Shatzky-buj: memorias, cartas y ensayos de Jacob Shatzky.</subfield>
  </datafield>
  <datafield tag="999" ind1=" " ind2=" ">
    <subfield code="c">32480</subfield>
    <subfield code="d">32480</subfield>
  </datafield>
</record>
